00694nam a2200181 i 450000100060000000300090000600500170001500700030003200800410003510000270007624501390010326000330024230000330027570000330030885200320034199900170037395201220039055456ES-MaACL20230906163141.0t|030919s1965 sp ||||1| spa d1 aDeroo, André.94378913aEl cojo de Calanda b: el milagro más extraordinario de la Virgen del Pilar / cAndré Deroo ; traducción de Juan Antonio Gracia. aZaragoza : b[s.n.], c1965. a127 p., 12 lám. ; c24 cm.1 aGracia, Juan Antonio.959461 aES-MaACLjC-28670 bR.57773 c55456d55456 00104070aATENEOMbATENEOMcDEPO2d2008-01-17eSCl0oC-28670p1058264r2023-02-23 00:00:00w2023-02-23yMONOGRAFIA